|
|
|
|
| LEADER |
01452nam a22003372a 4500 |
| 001 |
000057285 |
| 003 |
CZ BrMZK |
| 005 |
20070711091653.0 |
| 007 |
ta |
| 008 |
950407s1989 xr a f cze d |
| 015 |
|
|
|a cnb000047854
|
| 020 |
|
|
|a 80-207-0672-0
|
| 035 |
|
|
|a (OCoLC)39430328
|
| 040 |
|
|
|a BOA001
|b cze
|
| 041 |
1 |
|
|a cze
|h rus
|
| 080 |
9 |
|
|a 882-32=850
|
| 100 |
1 |
|
|a Dostojevskij, Fedor Michajlovič,
|d 1821-1881
|7 jn19990210182
|4 aut
|
| 245 |
1 |
0 |
|a Zápisky z podzemí /
|c Fedor Michajlovič Dostojevskij ; [z ruského originálu přeložila Ruda Havránková ; doslov napsal Ladislav Zadražil ; ilustroval Petr Skácel]
|
| 250 |
|
|
|a 4. vyd.
|
| 260 |
|
|
|a Praha :
|b Odeon,
|c 1989
|
| 300 |
|
|
|a 178 s.
|
| 490 |
1 |
|
|a Skvosty ruské a sovětské literatury
|
| 700 |
1 |
|
|a Havránková, Ruda,
|d 1905-1983
|7 jk01040449
|4 trl
|
| 700 |
1 |
|
|a Skácel, Petr,
|d 1924-1993
|7 jn99240001088
|4 ill
|
| 830 |
|
0 |
|a Skvosty ruské a sovětské literatury
|0 s
|
| 856 |
4 |
1 |
|u https://www.digitalniknihovna.cz/mzk/uuid/uuid:b36095f0-bc05-11e8-bc37-005056827e51
|y Digitalizovan dokument
|
| 910 |
|
|
|a BOA001
|b PK-A-0019.456
|b 1-0951.689
|
| 990 |
|
|
|a BK
|
| 996 |
7 |
|
|b 2619256449
|c 1-0951.689
|l MZK
|r Sklad / do 1 hodiny
|n 42
|w 000057285
|u 000020
|a 1
|e BOA001
|j MZK50
|s A
|
| 996 |
6 |
|
|b 2619604871
|c 1-0951.689
|l MZK
|r Sklad / do 1 hodiny
|n 3
|w 000057285
|u 000030
|a 1
|e BOA001
|j MZK50
|s P
|
| 996 |
7 |
|
|b 3119975245
|c PK-A-0019.456
|l MZK
|r Sklad / do 1 hodiny
|n 46
|w 000057285
|u 000010
|a 1
|e BOA001
|j MZK50
|s A
|